Statistics for 20 English Football League Teams With The Most Capacity

Click here to take the quiz!

General Stats

  • This quiz has been taken 53 times
    (30 since last reset)
  • The average score is 18 of 20

Answer Stats

CapacityTeam% Correct
55,097Manchester City
100%
75,653Manchester United
100%
62,062Tottenham Hotspur
100%
60,000West Ham
100%
60,260Arsenal
96%
41,798Chelsea
96%
39,571Everton
96%
54,074Liverpool
96%
52,338Newcastle
96%
37,890Leeds
92%
42,660Aston Villa
88%
32,505Southampton
85%
48,707Sunderland
85%
39,732Sheffield Wednesday
81%
32,050Wolves
81%
33,597Derby
77%
32,312Leicester
77%
33,280Cardiff
73%
32,702Sheffield United
73%
34,988Middlesbrough
65%

Score Distribution

Percentile by Number Answered

Percent of People with Each Score

Your Score History

You have not taken this quiz since the last reset